International Journal of Economics and Financial Issues
Enregistré dans:
| Format: | Publication en série |
|---|---|
| Langue: | anglais |
| Publié: |
Turkey
EconJournal
|
| Tags: |
Pas de tags, Soyez le premier à ajouter un tag!
|
MARC
| LEADER | 00000nas1a2200000 4500 | ||
|---|---|---|---|
| 001 | 0248279 | ||
| 005 | 20250701092136.5 | ||
| 022 | |a 2146-4138 | ||
| 041 | 0 | |a eng | |
| 044 | |a TR | ||
| 245 | 1 | 0 | |a International Journal of Economics and Financial Issues |
| 264 | 1 | |a Turkey |b EconJournal | |